Rhymes with 'Word' Quiz Stats

 Plays Quiz Updated Dec 23, 2017

Also try: Rhymes with Cat
Challenge
Share
Tweet
Embed
Score 0/24 Timer 03:00
8 Plays Today
% Correct
bird
94.7%
turd
88.1%
curd
84.4%
nerd
81.2%
heard
77.8%
herd
73.7%
purred
54.9%
stirred
45.9%
blurred
45.4%
gird
44.3%
third
42.3%
furred
42.1%
% Correct
slurred
38.5%
spurred
30.9%
burred
30.1%
whirred
25.9%
shirred
17.4%
surd
15.9%
churred
15.2%
urd
7.2%
chirred
6.6%
sherd
5.1%
skirred
3.9%
jird
3%

You're not logged in!

Compare scores with friends on all Sporcle quizzes.
Join for Free
OR
Log In

You Might Also Like...

Show Comments

Extras

Top Quizzes Today


Score Distribution

Your Account Isn't Verified!

In order to create a playlist on Sporcle, you need to verify the email address you used during registration. Go to your Sporcle Settings to finish the process.

Report this User

Report this user for behavior that violates our Community Guidelines.

Details: